| 000 | 00785nam a22001817a 4500 | ||
|---|---|---|---|
| 005 | 20240322114516.0 | ||
| 010 | _aHIN-127206 | ||
| 020 |
_a9789352968381 _c150.00 |
||
| 035 | _aHN-99552 | ||
| 037 | _bDBAD/PUB | ||
| 082 | _a920 | ||
| 100 |
_aपटेल, जशभाई _963853 |
||
| 245 |
_aअपना दोस्त नरेंद्र मोदी _cजशभाई पटेल |
||
| 260 |
_aनई दिल्ली _bडायमंड पॉकेट बुक्स प्रा. लि _c2019 |
||
| 270 |
_aX-30 ओखला इंडस्ट्रियल एरिया फेज –II _bनई दिल्ली _e110020 |
||
| 300 |
_a116 पृष्ट.; _c22 सेमी (अजिल्द) |
||
| 942 |
_2ddc _cHN _h920 _mपटेल |
||
| 999 |
_c201729 _d201729 |
||